| 000 | 01366cam a22002774a 4500 | ||
|---|---|---|---|
| 999 |
_c1156 _d1156 |
||
| 001 | 16927694 | ||
| 003 | GZU | ||
| 005 | 20200928115619.0 | ||
| 008 | 110819s2012 nyua b 001 0 eng | ||
| 010 | _a 2011034587 | ||
| 020 | _a9780393912838 (pbk.) | ||
| 040 |
_aDLC _cDLC _dDLC |
||
| 042 | _apcc | ||
| 050 | 0 | 0 |
_aGN502 _b.HEI 2012 |
| 100 | 1 |
_aHeine, Steven J. _eauthor |
|
| 245 | 1 | 0 |
_aCultural psychology / _cSteven J. Heine. |
| 250 | _a2nd ed. | ||
| 260 |
_aNew York, N.Y. : _bW.W. Norton, _cc2012. |
||
| 300 |
_axxii, 567 p. : _bill. ; _c23 cm. |
||
| 504 | _aIncludes bibliographical references and index. | ||
| 505 | 0 | _aAn introduction to cultural psychology -- Culture and human nature -- Cultural evolution -- Methods for studying culture and psychology -- Development and socialization -- Self and personality -- Motivation -- Cognition and perception -- Interpersonal attraction, close relationships, and groups -- Living in multicultural worlds -- Physical health -- Mental health -- Morality, religion, and justice -- Emotions -- Glossary G-1 -- References R-1 -- Credits C-1 -- Name index N-1 -- Subject index S-1. | |
| 650 | 0 | _aEthnopsychology. | |
| 906 |
_a7 _bcbc _corignew _d1 _eecip _f20 _gy-gencatlg |
||
| 942 |
_2lcc _cBK _e2nd ed. _h502 _iHEI _kGN |
||